|
|
|
|
| LEADER |
00000nkm a2200000 a 4500 |
| 001 |
vtls010695435 |
| 003 |
SK-MaSNL |
| 005 |
20260426003004.0 |
| 007 |
kf bo |
| 008 |
231214q1921 xo g 00 kuslo |
| 015 |
|
|
|a SNBG
|
| 035 |
|
|
|a 69320652-CFE5-4189-947A-87998A0E1836
|
| 035 |
|
|
|a urn:nbn:sk:snk-kmxz5o
|
| 035 |
|
|
|a urn:nbn:sk:snk-km007aqd
|
| 040 |
|
|
|a SNK
|b slo
|c SNK
|e AACR2
|
| 041 |
0 |
|
|a slo
|
| 043 |
|
|
|a e-xo---
|
| 044 |
|
|
|a xo
|c SK
|
| 080 |
|
|
|a 551.332.56
|2 2001
|
| 080 |
|
|
|a 908(437.6)
|2 2001
|
| 080 |
|
|
|a (084.121)
|2 2001
|
| 080 |
|
|
|a (234.372.4)
|2 2008
|
| 245 |
0 |
0 |
|a Vysoké Tatry
|h grafika
|b Žabí pleso - 1920 m.
|
| 260 |
|
|
|a Štrbské Pleso
|b J. Ossko
|c [1921]
|
| 300 |
|
|
|a 1 pohľadnica
|b čiernobiela
|c 9 x 14 cm
|
| 650 |
0 |
7 |
|a horské plesá
|2 SNKPH
|9 171908
|
| 651 |
|
7 |
|a Vysoké Tatry (Poľsko a Slovensko : pohorie)
|2 SNKPHgeo
|9 67729
|
| 651 |
|
7 |
|a Slovensko
|2 SNKPH
|9 14231
|
| 651 |
|
7 |
|a Veľké Žabie pleso (Vysoké Tatry, Slovensko)
|2 SNKPH
|9 160595
|
| 655 |
|
7 |
|a miestne pohľadnice
|2 SNKPH
|9 70510
|
| 852 |
|
|
|a Slovenská národná knižnica
|
| 958 |
|
|
|a GC
|
| 958 |
|
|
|a GBN
|
| 958 |
|
|
|a OND
|
| 999 |
|
|
|c 932621
|d 934551
|
| 952 |
|
|
|a SNK
|b SNK
|y PREZ
|7 0
|p 17A1163347
|o snkSP 3095
|0 0
|1 0
|4 0
|d 2015-07-27
|f 1
|l 0
|r 2026-02-24 08:53:41
|w 2026-02-24
|